[Event "Regionalliga SW 0809"]
[Site "Bayern"]
[Date "2009.03.29"]
[Round "9.6"]
[White "Czap, Bernhard"]
[Black "Lutz, Gerhard"]
[Result "0-1"]
[WhiteElo "2094"]
[BlackElo "2084"]
[PlyCount "108"]
[EventDate "2008.10.05"]
[EventType "team-tourn"]
[EventRounds "9"]
[EventCountry "GER"]
[SourceTitle "EXT 2020"]
[Source "ChessBase"]
[SourceDate "2019.10.17"]
[SourceVersion "1"]
[SourceVersionDate "2019.10.17"]
[SourceQuality "1"]
[WhiteTeam "Unterhaching"]
[BlackTeam "Garching II"]
[WhiteTeamCountry "GER"]
[BlackTeamCountry "GER"]

1. e4 g6 2. d4 Nf6 3. Nc3 d5 4. e5 Nh5 5. Be3 Ng7 6. Bh6 Nf5 7. Bxf8 Kxf8 8. Nf3 h5 9. Bd3 c6 10. Qd2 Ng7 11. h3 Bf5 12. Be2 Nd7 13. 0-0-0 b5 14. g4 Be6 15. Ng5 Nb6 16. gxh5 gxh5 17. Bd3 Nc4 18. Qf4 Ke8 19. Rdg1 Qa5 20. Bxc4 dxc4 21. Nxe6 Nxe6 22. Qe4 Rc8 23. Rg3 b4 24. Nb1 Qd5 25. Qxd5 cxd5 26. Rd1 Kf8 27. a3 a5 28. c3 Nf4 29. Rd2 b3 30. a4 Rg8 31. Na3 Rc6 32. Nb5 Rcg6 33. Nc7 e6 34. Na6 Rxg3 35. fxg3 Rxg3 36. Rd1 Nd3+ 37. Kb1 Rg2 38. Nc5 Rxb2+ 39. Ka1 Ra2+ 40. Kb1 Nxc5 41. dxc5 Rg2 42. Rf1 Ke7 43. c6 Rg7 44. Rf6 Rh7 45. Rf3 h4 46. Rf4 Kd8 47. Rg4 Kc7 48. Rg8 Kxc6 49. Ra8 Rh5 50. Rxa5 Rxe5 51. Ra7 f5 52. Rh7 f4 53. Rxh4 f3 54. Rf4 Rf5 0-1

[Event "Regionalliga SW 0809"]
[Site "Bayern"]
[Date "2009.03.01"]
[Round "7.6"]
[White "Kuhnert, Josef"]
[Black "Lutz, Gerhard"]
[Result "1-0"]
[WhiteElo "1963"]
[BlackElo "2084"]
[PlyCount "99"]
[EventDate "2008.10.05"]
[EventType "team-tourn"]
[EventRounds "9"]
[EventCountry "GER"]
[SourceTitle "EXT 2020"]
[Source "ChessBase"]
[SourceDate "2019.10.17"]
[SourceVersion "1"]
[SourceVersionDate "2019.10.17"]
[SourceQuality "1"]
[WhiteTeam "Sonthofen"]
[BlackTeam "Garching II"]
[WhiteTeamCountry "GER"]
[BlackTeamCountry "GER"]

1. d4 d6 2. e4 Nf6 3. Nc3 Nbd7 4. Nf3 e5 5. Bc4 Be7 6. 0-0 0-0 7. h3 c6 8. a4 b6 9. dxe5 dxe5 10. Qe2 Qc7 11. Rd1 a6 12. Bg5 Bb7 13. a5 b5 14. Bb3 Rfe8 15. Bd2 h6 16. Nh4 Bf8 17. Nf5 Nc5 18. f3 Nxb3 19. cxb3 Rad8 20. Be3 Rxd1+ 21. Nxd1 Qd7 22. Qf2 Qe6 23. Qh4 Rd8 24. Nf2 Rd7 25. Ng4 Nxg4 26. Qxg4 Kh7 27. b4 Qg6 28. Nxh6 Rd3 29. Qxg6+ Kxg6 30. Ng4 f6 31. Bc5 Bxc5+ 32. bxc5 Rd2 33. Ne3 Rxb2 34. Nf5 Bc8 35. Ne7+ Kf7 36. Nxc8 Rc2 37. Rd1 Rxc5 38. Rd7+ Kf8 39. Ra7 b4 40. Rb7 Rc1+ 41. Kh2 c5 42. Nd6 Rc3 43. Rb6 b3 44. Rxa6 b2 45. Rb6 Ra3 46. Rxb2 Rxa5 47. Rb7 Ra6 48. Nf5 Ra4 49. Ne3 Rb4 50. Rc7 1-0

[Event "Regionalliga SW 0809"]
[Site "Bayern"]
[Date "2008.10.26"]
[Round "2.7"]
[White "Mattes, Heinz"]
[Black "Lutz, Gerhard"]
[Result "0-1"]
[WhiteElo "1888"]
[BlackElo "2084"]
[PlyCount "82"]
[EventDate "2008.10.05"]
[EventType "team-tourn"]
[EventRounds "9"]
[EventCountry "GER"]
[SourceTitle "EXT 2020"]
[Source "ChessBase"]
[SourceDate "2019.10.17"]
[SourceVersion "1"]
[SourceVersionDate "2019.10.17"]
[SourceQuality "1"]
[WhiteTeam "Muenchen Siemens"]
[BlackTeam "Garching II"]
[WhiteTeamCountry "GER"]
[BlackTeamCountry "GER"]

1. d4 g6 2. c4 Bg7 3. Nc3 d6 4. Nf3 Bg4 5. e4 Nc6 6. Be3 e5 7. d5 Nd4 8. Be2 Nxe2 9. Qxe2 Bd7 10. Nd2 Nf6 11. f3 Nh5 12. 0-0 0-0 13. b4 Nf4 14. Bxf4 exf4 15. Rac1 a5 16. a3 axb4 17. axb4 c6 18. dxc6 bxc6 19. Kh1 Qb6 20. b5 Qe3 21. Ndb1 cxb5 22. Qd1 b4 23. Nd5 Qc5 24. Nxf4 Rfb8 25. Nd2 Ba4 26. Qe2 b3 27. Rb1 b2 28. e5 Bxe5 29. Nd3 Qd4 30. f4 Bc2 31. Nxe5 dxe5 32. fxe5 Bd3 33. Qf3 Bxf1 34. Rxf1 Ra7 35. Nb3 Qxe5 36. c5 Qe6 37. Nd2 Ra1 38. Nb1 Qa2 39. Qd3 Ra8 40. c6 Rxb1 41. Rxb1 Qxb1+ 0-1

[Event "Landesliga Sued 0607"]
[Site "Bayern"]
[Date "2007.02.04"]
[Round "5.8"]
[White "Lutz, Gerhard"]
[Black "Shahin, Walid"]
[Result "1-0"]
[WhiteElo "2109"]
[BlackElo "1941"]
[PlyCount "65"]
[EventDate "2006.10.15"]
[EventType "team-tourn"]
[EventRounds "9"]
[EventCountry "GER"]
[SourceTitle "EXT 2008"]
[Source "ChessBase"]
[SourceDate "2007.11.25"]
[SourceVersion "1"]
[SourceVersionDate "2007.11.25"]
[SourceQuality "1"]
[WhiteTeam "Garching"]
[BlackTeam "Weilheim"]
[WhiteTeamCountry "GER"]
[BlackTeamCountry "GER"]

1. e4 e6 2. d4 d5 3. e5 c5 4. c3 Nc6 5. Nf3 Qb6 6. a3 c4 7. Nbd2 Na5 8. Be2 f6 9. 0-0 fxe5 10. Nxe5 Nf6 11. Rb1 Bd6 12. b3 cxb3 13. Nxb3 0-0 14. Bd3 Nxb3 15. Rxb3 Qc7 16. Re1 a5 17. a4 h6 18. Ba3 Bxa3 19. Rxa3 Nd7 20. Ng6 Rf6 21. Bb1 Nf8 22. Ne5 Bd7 23. c4 dxc4 24. Rg3 Be8 25. Ng4 Rf4 26. Nxh6+ Kh8 27. Ng4 Rd8 28. Ne5 Rfxd4 29. Qf3 Qd6 30. Nf7+ Bxf7 31. Qxf7 Qe5 32. Rh3+ Nh7 33. Rxh7# 1-0

[Event "Landesliga Sued 0607"]
[Site "Bayern"]
[Date "2006.11.19"]
[Round "3.7"]
[White "Wisnet, Dominic"]
[Black "Lutz, Gerhard"]
[Result "1-0"]
[WhiteElo "2026"]
[BlackElo "2109"]
[PlyCount "81"]
[EventDate "2006.10.15"]
[EventType "team-tourn"]
[EventRounds "9"]
[EventCountry "GER"]
[SourceTitle "EXT 2008"]
[Source "ChessBase"]
[SourceDate "2007.11.25"]
[SourceVersion "1"]
[SourceVersionDate "2007.11.25"]
[SourceQuality "1"]
[WhiteTeam "Pfarrkirchen SC"]
[BlackTeam "Garching"]
[WhiteTeamCountry "GER"]
[BlackTeamCountry "GER"]

1. e4 e5 2. Nf3 d6 3. d4 Nf6 4. Nc3 Nbd7 5. Be3 Be7 6. h3 c6 7. Be2 b5 8. a3 a6 9. 0-0 0-0 10. Re1 Qc7 11. Nh2 Bb7 12. dxe5 dxe5 13. Nf1 Rfd8 14. Ng3 Bf8 15. Qc1 h6 16. a4 Rac8 17. Nb1 Nc5 18. a5 Ncxe4 19. Nxe4 Nxe4 20. Bb6 Qe7 21. Bg4 Nd6 22. Bxc8 Rxc8 23. Bc5 Qe6 24. Qd1 Nc4 25. Bxf8 Kxf8 26. b3 Nd6 27. Qh5 f6 28. Nd2 c5 29. Nf1 Nf5 30. Ne3 Nd4 31. Qg6 Qc6 32. c3 Ne6 33. Nf5 Qc7 34. Qh7 Qc6 35. f3 Rc7 36. Rad1 Rd7 37. Nxh6 Rxd1 38. Qg8+ Ke7 39. Qf7+ Kd8 40. Rxd1+ Kc8 41. Nf5 1-0

[Event "Landesliga Sued 0506"]
[Site "Bayern"]
[Date "2006.01.15"]
[Round "5.7"]
[White "Lutz, Gerhard"]
[Black "Schmid, Franz"]
[Result "1/2-1/2"]
[WhiteElo "2098"]
[BlackElo "2105"]
[PlyCount "115"]
[EventDate "2005.10.23"]
[EventType "team-tourn"]
[EventRounds "9"]
[EventCountry "GER"]
[SourceTitle "EXT 2007"]
[Source "ChessBase"]
[SourceDate "2006.11.23"]
[SourceVersion "1"]
[SourceVersionDate "2006.11.23"]
[SourceQuality "1"]
[WhiteTeam "Garching"]
[BlackTeam "Waldkirchen TSV"]
[WhiteTeamCountry "GER"]
[BlackTeamCountry "GER"]

1. e4 e5 2. Nf3 Nf6 3. Nc3 Nc6 4. Bb5 Bc5 5. d3 a6 6. Ba4 b5 7. Bb3 h6 8. a4 Rb8 9. axb5 axb5 10. Nd5 d6 11. Be3 Nd7 12. c3 Ne7 13. d4 Nxd5 14. Bxd5 Bb6 15. Qb3 0-0 16. 0-0 c5 17. dxc5 Bxc5 18. Bxc5 Nxc5 19. Qc2 Bg4 20. Ne1 b4 21. Nd3 bxc3 22. bxc3 Qg5 23. Nxc5 Bf3 24. g3 dxc5 25. Rfb1 Qg4 26. Qd3 Kh8 27. h3 Be2 28. hxg4 Bxd3 29. Rxb8 Rxb8 30. Kg2 Kh7 31. Ra8 Rxa8 32. Bxa8 Kg6 33. f3 Kf6 34. Kf2 Ke7 35. Ke3 Bb5 36. Bd5 f6 37. Bb3 c4 38. Bd1 Kd6 39. Kd2 Kc5 40. Kc1 Bc6 41. Be2 Kb5 42. Kb2 Bd7 43. Bd1 Ka5 44. Ka3 Be8 45. Be2 Bf7 46. Bd1 h5 47. gxh5 Bxh5 48. Be2 Bf7 49. Bd1 Be6 50. g4 Bd7 51. Bc2 g6 52. Bd1 f5 53. gxf5 gxf5 54. exf5 Bxf5 55. Ba4 Bd3 56. Bc6 Kb6 57. Ba8 Kc5 58. Kb2 1/2-1/2

[Event "Regionalliga SW 0405"]
[Site "Bayern"]
[Date "2005.04.10"]
[Round "9.5"]
[White "Lutz, Gerhard"]
[Black "Tyomkyn, Mikhail"]
[Result "1/2-1/2"]
[WhiteElo "2123"]
[BlackElo "1976"]
[PlyCount "80"]
[EventDate "2004.10.24"]
[EventType "team-tourn"]
[EventRounds "9"]
[EventCountry "GER"]
[SourceTitle "EXT 2007"]
[Source "ChessBase"]
[SourceDate "2006.11.23"]
[SourceVersion "1"]
[SourceVersionDate "2006.11.23"]
[SourceQuality "1"]
[WhiteTeam "Garching"]
[BlackTeam "Haunstetten"]
[WhiteTeamCountry "GER"]
[BlackTeamCountry "GER"]

1. c4 Nf6 2. Nc3 d5 3. cxd5 Nxd5 4. e3 g6 5. a3 Bg7 6. Qc2 Nxc3 7. bxc3 0-0 8. Nf3 c5 9. d4 Nc6 10. Be2 e5 11. dxe5 Nxe5 12. Nxe5 Bxe5 13. 0-0 Qc7 14. f4 Bg7 15. e4 b6 16. Bc4 Bb7 17. Bb2 Rad8 18. Rae1 Qd7 19. Qb3 Qg4 20. Bc1 Rde8 21. Be2 Qh4 22. g3 Qh3 23. Bf3 Rd8 24. Rd1 Qe6 25. Qc2 Qc4 26. Bb2 Bc6 27. Rxd8 Rxd8 28. e5 Bxf3 29. Rxf3 Qd5 30. Rf2 Bf8 31. c4 Qd7 32. Re2 a6 33. Qe4 b5 34. Kg2 bxc4 35. Qxc4 Qb7+ 36. Kh3 Qb5 37. Qe4 Qd7+ 38. e6 Qxe6+ 39. Qxe6 fxe6 40. Rxe6 Rd6 1/2-1/2

[Event "Regionalliga SW 0304"]
[Site "Bayern"]
[Date "2004.04.25"]
[Round "9.5"]
[White "Katzameyer, Michael"]
[Black "Lutz, Gerhard"]
[Result "0-1"]
[WhiteElo "2038"]
[BlackElo "2115"]
[PlyCount "134"]
[EventDate "2003.10.??"]
[EventType "team"]
[EventRounds "9"]
[EventCountry "GER"]
[SourceTitle "EXT 2006"]
[Source "ChessBase"]
[SourceDate "2005.11.24"]
[SourceVersion "1"]
[SourceVersionDate "2005.11.24"]
[SourceQuality "1"]
[WhiteTeam "Muenchen RTA"]
[BlackTeam "Garching"]
[WhiteTeamCountry "GER"]
[BlackTeamCountry "GER"]

1. d4 g6 2. e4 Bg7 3. Nc3 d6 4. Be3 c6 5. Qd2 Nd7 6. Nf3 b5 7. Bd3 a6 8. 0-0 Qc7 9. a4 Bb7 10. Ne2 Ngf6 11. Bh6 0-0 12. Ng3 Rfe8 13. Bxg7 Kxg7 14. Qg5 e5 15. c3 Ng8 16. Rfe1 h6 17. Qd2 Rad8 18. Qc2 Ngf6 19. h3 Re7 20. Rad1 Nf8 21. Bf1 Ne6 22. Rd2 Nf4 23. Red1 Red7 24. b4 Re8 25. dxe5 dxe5 26. Rxd7 Nxd7 27. Qd2 Nf6 28. Qd6 Qxd6 29. Rxd6 Re7 30. a5 Rd7 31. Rxd7 Nxd7 32. Nd2 c5 33. f3 Kf6 34. Kf2 cxb4 35. cxb4 Nb8 36. Nb3 Ne6 37. Ne2 Nc6 38. Nc3 Nxb4 39. Ke3 Ke7 40. g3 Kd6 41. f4 f6 42. f5 gxf5 43. exf5 Nd4 44. Nxd4 exd4+ 45. Kxd4 Nc6+ 46. Ke3 Nxa5 47. Kf4 Nc4 48. g4 Kc5 49. h4 Kb4 50. Na2+ Kb3 51. Nc1+ Kc3 52. g5 hxg5+ 53. hxg5 fxg5+ 54. Kxg5 Ne3 55. f6 Bd5 56. Ne2+ Kd2 57. Nf4 Bf7 58. Bh3 Nd5 59. Nxd5 Bxd5 60. Kg6 a5 61. f7 Bxf7+ 62. Kxf7 a4 63. Ke7 b4 64. Kd6 a3 65. Be6 Kc3 66. Kc5 b3 67. Kb5 a2 0-1

[Event "Regionalliga SW 0304"]
[Site "Bayern"]
[Date "2004.03.07"]
[Round "7.5"]
[White "Czap, Bernhard"]
[Black "Lutz, Gerhard"]
[Result "1/2-1/2"]
[WhiteElo "1979"]
[BlackElo "2115"]
[PlyCount "109"]
[EventDate "2003.10.??"]
[EventType "team"]
[EventRounds "9"]
[EventCountry "GER"]
[SourceTitle "EXT 2006"]
[Source "ChessBase"]
[SourceDate "2005.11.24"]
[SourceVersion "1"]
[SourceVersionDate "2005.11.24"]
[SourceQuality "1"]
[WhiteTeam "Unterhaching"]
[BlackTeam "Garching"]
[WhiteTeamCountry "GER"]
[BlackTeamCountry "GER"]

1. e4 d5 2. exd5 Qxd5 3. Nc3 Qa5 4. d4 Nf6 5. Bc4 c6 6. Nf3 Bf5 7. Bd2 e6 8. Qe2 Bb4 9. 0-0-0 Nbd7 10. Nh4 Bg4 11. f3 Bxc3 12. fxg4 Bxd2+ 13. Rxd2 0-0-0 14. h3 Nb6 15. Bb3 Rhe8 16. Nf3 Re7 17. g5 Nfd5 18. Qe4 f5 19. gxf6 gxf6 20. c4 Nc7 21. Rhd1 Qh5 22. Qf4 Qf7 23. g4 Qg7 24. a4 Nd7 25. Qe3 Kb8 26. Re1 Ree8 27. Kb1 Qf8 28. Bc2 Qb4 29. Qe2 Nb6 30. Bxh7 Nxc4 31. Rdd1 Rh8 32. Bd3 Nb6 33. h4 Nxa4 34. Qd2 Qd6 35. g5 fxg5 36. hxg5 Rh3 37. Be4 Nb5 38. g6 Nb6 39. g7 Rg3 40. Rg1 Nc4 41. Qh2 Rxg1 42. Qxd6+ Nbxd6 43. Rxg1 Nxe4 44. g8Q Rxg8 45. Rxg8+ Kc7 46. Rg7+ Kb6 47. Re7 Ned2+ 48. Nxd2 Nxd2+ 49. Kc2 Nc4 50. Rxe6 Kb5 51. b3 Nb6 52. Re7 Ka6 53. Rh7 Nd5 54. Kd3 b5 55. Rh8 1/2-1/2

[Event "Regionalliga SW 0304"]
[Site "Bayern"]
[Date "2004.01.18"]
[Round "5.5"]
[White "Dichmann, Arno"]
[Black "Lutz, Gerhard"]
[Result "1/2-1/2"]
[WhiteElo "1984"]
[BlackElo "2115"]
[PlyCount "41"]
[EventDate "2003.10.??"]
[EventType "team"]
[EventRounds "9"]
[EventCountry "GER"]
[SourceTitle "EXT 2006"]
[Source "ChessBase"]
[SourceDate "2005.11.24"]
[SourceVersion "1"]
[SourceVersionDate "2005.11.24"]
[SourceQuality "1"]
[WhiteTeam "Muenchen 77 Nord"]
[BlackTeam "Garching"]
[WhiteTeamCountry "GER"]
[BlackTeamCountry "GER"]

1. d4 g6 2. c3 Bg7 3. Bg5 h6 4. Bh4 d6 5. e3 c6 6. Nd2 Nf6 7. Bxf6 Bxf6 8. Ngf3 Nd7 9. Bc4 b5 10. Bb3 a6 11. 0-0 0-0 12. Ne4 Bg7 13. Nh4 d5 14. Ng3 e5 15. Nf3 e4 16. Nd2 Qh4 17. a4 Rb8 18. axb5 axb5 19. f3 exf3 20. Nxf3 Qe7 21. Re1 1/2-1/2

[Event "Regionalliga SW 0203"]
[Site "Bayern"]
[Date "2003.03.09"]
[Round "8.5"]
[White "Pittelkow, Erhard"]
[Black "Lutz, Gerhard"]
[Result "1/2-1/2"]
[WhiteElo "2052"]
[BlackElo "2133"]
[PlyCount "92"]
[EventDate "2002.10.20"]
[EventType "team"]
[EventRounds "9"]
[EventCountry "GER"]
[SourceTitle "EXT 2004"]
[Source "ChessBase"]
[SourceDate "2003.11.25"]
[SourceVersion "1"]
[SourceVersionDate "2003.11.25"]
[SourceQuality "1"]
[WhiteTeam "Muenchen RTA"]
[BlackTeam "Garching"]
[WhiteTeamCountry "GER"]
[BlackTeamCountry "GER"]

1. d4 g6 2. c4 Bg7 3. Nc3 d6 4. e4 Nc6 5. Be3 e5 6. d5 Nce7 7. Bd3 f5 8. f3 Nf6 9. Nge2 0-0 10. b4 fxe4 11. Nxe4 c6 12. Nxf6+ Bxf6 13. Be4 Bf5 14. Nc3 a5 15. dxc6 bxc6 16. b5 Bxe4 17. fxe4 cxb5 18. cxb5 Rc8 19. Nd5 Nxd5 20. Qxd5+ Kh8 21. 0-0 Rc3 22. Qd2 Rc4 23. Qd3 Qc7 24. Rac1 Rxc1 25. Rxc1 Qd8 26. b6 Bg5 27. b7 Bxe3+ 28. Qxe3 Qb8 29. Qb6 a4 30. Rf1 Kg7 31. Rxf8 Kxf8 32. Qa6 Qc7 33. Qa8+ Ke7 34. Qc8 Qb6+ 35. Kf1 Qb5+ 36. Kf2 Qb6+ 37. Kf3 Qd4 38. b8Q Qd3+ 39. Kg4 Qxe4+ 40. Kh3 Qd3+ 41. g3 Qf1+ 42. Kh4 Qf6+ 43. Kh3 Qf1+ 44. Kg4 Qe2+ 45. Kh3 Qf1+ 46. Kh4 Qf6+ 1/2-1/2